000 00698nam a2200217 4500
003 OSt
005 20260421064507.0
006 a
008 240716b |||||||| |||| 00| 0 eng d
020 _a0619217642
040 _aDWCL-Main lib.
_cOC
082 _2Second international edition
_aCirc. 511.35 S618i 2006
100 _aSipser, Michael
245 _aIntroduction to the theory of computation /
250 _aSecond international edition
260 _aBoston :
_bThomson Course Technology,
_cc2006.
300 _axvii,
_b437 p. : ill. ;
_c24 cm.
650 _a1. Machine theory.
650 _a2. Computational complexity.
942 _2ddc
_n0
_cBK-CIRC
_eSecond international edition
_kCirc.
999 _c2249
_d2249